ბათუმის შოთა რუსთაველის სახელმწიფო უნივერსიტეტის ბიბლიოთეკა

Нефтегазоносность акватории мира. (ბიბ.ჩანაწერი № 38220)

000 -LEADER
fixed length control field 00628nam a2200217Ia 4500
001 - CONTROL NUMBER
control field 4210
003 - CONTROL NUMBER IDENTIFIER
control field GE_BSU
008 - FIXED-LENGTH DATA ELEMENTS--GENERAL INFORMATION
fixed length control field 181216s||||||||xx |||||||||||||| ||und||
040 ## - CATALOGING SOURCE
Transcribing agency GE_BSU
080 ## - UNIVERSAL DECIMAL CLASSIFICATION NUMBER
Universal Decimal Classification number 553.98
100 ## - MAIN ENTRY--PERSONAL NAME
Personal name Калинко, М. К.
245 ## - TITLE STATEMENT
Title Нефтегазоносность акватории мира.
245 ## - TITLE STATEMENT
Statement of responsibility, etc. Ред. изд-во И. Лемова.
260 ## - PUBLICATION, DISTRIBUTION, ETC.
Place of publication, distribution, etc. М.
260 ## - PUBLICATION, DISTRIBUTION, ETC.
Name of publisher, distributor, etc. Недра.
260 ## - PUBLICATION, DISTRIBUTION, ETC.
Date of publication, distribution, etc. 1969.
300 ## - PHYSICAL DESCRIPTION
Extent 224 стр. 21 см. илл. 60 библиогр.
300 ## - PHYSICAL DESCRIPTION
Accompanying material 16 табл.
653 ## - INDEX TERM--UNCONTROLLED
Uncontrolled term Нефтегазоносность акватории мира.
942 ## - ADDED ENTRY ELEMENTS (KOHA)
Koha item type წიგნი
ეგზემპლარები
Withdrawn status Lost status Damaged status Not for loan Date acquired Barcode Date last seen Price effective from Koha item type Public note
        2018-12-17 9544 2018-12-17 2018-12-17 წიგნი საცავი